<?xml version="1.0" encoding="UTF-8"?><?xml-stylesheet type="text/xsl" href="static/style.xsl"?><OAI-PMH xmlns="http://www.openarchives.org/OAI/2.0/" xmlns:xsi="http://www.w3.org/2001/XMLSchema-instance" xsi:schemaLocation="http://www.openarchives.org/OAI/2.0/ http://www.openarchives.org/OAI/2.0/OAI-PMH.xsd"><responseDate>2026-04-14T15:18:23Z</responseDate><request verb="GetRecord" identifier="oai:uvadoc.uva.es:10324/57771" metadataPrefix="marc">https://uvadoc.uva.es/oai/request</request><GetRecord><record><header><identifier>oai:uvadoc.uva.es:10324/57771</identifier><datestamp>2022-12-14T20:03:43Z</datestamp><setSpec>com_10324_38</setSpec><setSpec>col_10324_852</setSpec></header><metadata><record xmlns="http://www.loc.gov/MARC21/slim" xmlns:doc="http://www.lyncode.com/xoai" xmlns:xsi="http://www.w3.org/2001/XMLSchema-instance" xmlns:dcterms="http://purl.org/dc/terms/" xsi:schemaLocation="http://www.loc.gov/MARC21/slim http://www.loc.gov/standards/marcxml/schema/MARC21slim.xsd">
<leader>00925njm 22002777a 4500</leader>
<datafield tag="042" ind1=" " ind2=" ">
<subfield code="a">dc</subfield>
</datafield>
<datafield tag="720" ind1=" " ind2=" ">
<subfield code="a">Soto Ladiño, Adriana</subfield>
<subfield code="e">author</subfield>
</datafield>
<datafield tag="260" ind1=" " ind2=" ">
<subfield code="c">2022</subfield>
</datafield>
<datafield tag="520" ind1=" " ind2=" ">
<subfield code="a">En este Trabajo de Fin de Grado, se propone una unidad didáctica integrando la gamificación en el aprendizaje basado por proyectos en el área de las Ciencias Naturales. Inicialmente, se han analizado las diferentes metodologías que se llevan a cabo en el aula hoy en día. Posteriormente, desarrollamos los puntos clave de la gamificación, el aprendizaje basado en proyectos y la materia de ciencias naturales. Y para finalizar la primera parte de este trabajo, repasamos los aspectos a considerar en la enseñanza de ciencias naturales en Educación Primaria. En la segunda parte del proyecto, desarrollamos una propuesta didáctica para el quinto curso de Educación Primaria cuyo objetivo principal es mejorar el proceso de enseñanza-aprendizaje de los alumnos/as a través de la motivación. La unidad didáctica se va a desarrollar en 13 sesiones. El área escogida dentro de las Ciencias Naturales es “Los ecosistemas”.</subfield>
</datafield>
<datafield tag="024" ind2=" " ind1="8">
<subfield code="a">https://uvadoc.uva.es/handle/10324/57771</subfield>
</datafield>
<datafield tag="245" ind1="0" ind2="0">
<subfield code="a">La gamificación integrada en el aprendizaje basado en proyectos: Propuesta didáctica para el área de las ciencias naturales</subfield>
</datafield>
</record></metadata></record></GetRecord></OAI-PMH>